000 01036nam a2200277 i 4500
003 CSPC
005 20240207145447.0
008 240206s2015 ph a 000 0 eng d
020 _a9789719913375
040 _cCSPC
_aCSPC
_beng
_erda
082 0 4 _a920.0599
_bG286l
100 1 _aGeneral, Jose Martin O.,
_eauthor.
245 1 0 _aLuis General Jr. /
_cJose Martin O. General, issue writer.
264 1 _aNaga City, Philippines :
_bAteneo de Naga University Press,
_c2015.
300 _a22 pages :
_billustrations ;
_c23 cm.
336 _2rdacontent
_atext
337 _2rdamedia
_aunmediated
338 _2rdacarrier
_avolume
490 _aBansay Bikolnon biography series ;
_vno. 3
546 _aIn English.
600 1 0 _aGeneral, Luis,
_cJr.,
_d1921-1997.
651 0 _aPhilippines
_vBiography.
651 0 _aBicol (Philippines : Region)
942 _2ddc
_cBK
_h920.0599
_iG286l
_n0
_kBKL
_m2015
999 _c26954
_d26954